| 000 | 00510cam a2200193ua 4500 | ||
|---|---|---|---|
| 001 | 1341 | ||
| 008 | 110707n ii |||gr||||Z||||||eng | ||
| 020 | _a81-7033-196-4 | ||
| 040 | _cMAIN | ||
| 082 | _a301.0954 | ||
| 100 | _aAhuja, Ram., | ||
| 245 |
_aSociety in india : _bconcepts, theories and trends / _cBy RamAhuja. |
||
| 250 | _a1st. | ||
| 260 |
_aNew Delhi.: _bRawat publications., _c2006. |
||
| 300 |
_axii, 504 p.: _c20 cm. |
||
| 653 | _aSociology | ||
| 653 | _aSocial system of India. | ||
| 942 | _cBK | ||
| 999 |
_c1239 _d1239 |
||